The 100 best : Comanies to work for in America

में बचाया:
ग्रंथसूची विवरण
मुख्य लेखक: Levering, Robert
स्वरूप: पुस्तक
भाषा:Undetermined
प्रकाशित: New York New American Library 1987
विषय:
टैग : टैग जोड़ें
कोई टैग नहीं, इस रिकॉर्ड को टैग करने वाले पहले व्यक्ति बनें!
Thư viện lưu trữ: Trung tâm Học liệu Trường Đại học Cần Thơ
LEADER 00570nam a2200193Ia 4500
001 CTU_79161
008 210402s9999 xx 000 0 und d
082 |a 331.2 
082 |b L661 
100 |a Levering, Robert 
245 4 |a The 100 best : 
245 0 |b Comanies to work for in America 
245 0 |c Robert Levering, Milton Moskowitz, Michael Katz 
260 |a New York 
260 |b New American Library 
260 |c 1987 
650 |a Job satisfaction,Personnel management 
650 |z United States 
980 |a Trung tâm Học liệu Trường Đại học Cần Thơ